000 01152nam a2200301 4500
001 401668
003 DO-SdBPM
005 20250609095203.0
007 401668
008 940425s1992 sp | |||| ||spa
017 _a
_b
020 _a8434823527
040 _aBPMSU
_bspa
_cBPMSU
_e
080 0 _a
082 4 _a863.6
_bG633j 1992
_222
100 1 _aGómez Cerdá, Alfredo
_d1951-
245 1 0 _aJorge y el capitán /
_cAlfredo Gómez Cerdá ; ilustraciones de Margarita Menéndez
_h
250 _a4ª ed.
260 _aMadrid :
_bEdiciones SM,
_c1992.
300 _a62 p. :
_bil. ;
_c20 cm.
490 0 _aEl barco de vapor ;
_aSerie blanca
_v145/21
590 _aInventariado, 2025/VM
650 4 _a Cuentos infantiles españoles
650 4 _aMilitares
_vCuentos infantiles
700 1 _aMenéndez, Margarita,
_eilustraciones
910 _aVMateo V. Control de calidad. BPMSU
942 _2ddc
_cBK
999 _c8950
_d8950